ARRUPE JESUIT UNIVERSITY

CORONAVIRUS -STOP THE SPREAD - CLEAN,DISINFECT,COVER

Und was kommt nach dem Ende? : (Record no. 131081)

MARC details
000 -LEADER
fixed length control field 00892cam a2200277 a 4500
001 - CONTROL NUMBER
control field 11911041
003 - CONTROL NUMBER IDENTIFIER
control field ARRUPE
005 - DATE AND TIME OF LATEST TRANSACTION
control field 20211102112316.0
008 - FIXED-LENGTH DATA ELEMENTS--GENERAL INFORMATION
fixed length control field 000211s2000 gw b 000 0 ger
010 ## - LIBRARY OF CONGRESS CONTROL NUMBER
LC control number 00338878
020 ## - INTERNATIONAL STANDARD BOOK NUMBER
International Standard Book Number 3451270153 (chlorfrei)
040 ## - CATALOGING SOURCE
Original cataloging agency DLC
Transcribing agency DLC
050 00 - LIBRARY OF CONGRESS CALL NUMBER
Classification number BT902
Item number .K34 2000
300 ## - PHYSICAL DESCRIPTION
Dimensions 22 cm.
100 2# - MAIN ENTRY--PERSONAL NAME
Personal name Kehl, Medard.
9 (RLIN) 50918
245 10 - TITLE STATEMENT
Title Und was kommt nach dem Ende? :
Remainder of title von Weltuntergang und Vollendung, Wiedergeburt, und Auferstehung /
Statement of responsibility, etc Medard Kehl.
250 ## - EDITION STATEMENT
Edition statement 2. Aufl.
260 ## - PUBLICATION, DISTRIBUTION, ETC. (IMPRINT)
Place of publication, distribution, etc Freiburg :
Name of publisher, distributor, etc Herder,
Date of publication, distribution, etc 2000.
300 ## - PHYSICAL DESCRIPTION
Extent 173 p. ;
504 ## - BIBLIOGRAPHY, ETC. NOTE
Bibliography, etc Includes bibliographical references (p. 167-173).
650 #0 - SUBJECT ADDED ENTRY--TOPICAL TERM
Topical term or geographic name as entry element Future life.
9 (RLIN) 2875
650 #0 - SUBJECT ADDED ENTRY--TOPICAL TERM
Topical term or geographic name as entry element Reincarnation.
9 (RLIN) 50919
650 #0 - SUBJECT ADDED ENTRY--TOPICAL TERM
Topical term or geographic name as entry element Resurrection.
9 (RLIN) 29382
906 ## - LOCAL DATA ELEMENT F, LDF (RLIN)
a 7
b cbc
c origres
d 3
e ncip
f 20
g y-gencatlg
942 ## - ADDED ENTRY ELEMENTS (KOHA)
Source of classification or shelving scheme Library of Congress Classification
Koha item type Monograph ( Printed materials)
Holdings
Withdrawn status Lost status Source of classification or shelving scheme Damaged status Not for loan Collection code Home library Current library Shelving location Date acquired Total Checkouts Full call number Barcode Date last seen Price effective from Koha item type
    Library of Congress Classification     Main Collection ARRUPE LIBRARY ARRUPE LIBRARY Main Collection 02/11/2021   BT902 .K34 2000 46600007059 02/11/2021 02/11/2021 Monograph ( Printed materials)

 

Arrupe Library. PO Box MP320 Mt Pleasant, Harare, Zimbabwe
263 242 745411|librarian@aju.ac.zw